Statistiken für Zellorganellen

Klicken Sie hier um das Quiz zu spielen!

Allgemein

  • Dieses Quiz wurde 208 mal gespielt
  • Das Durchschnittsergebnis liegt bei 8 aus 15

Antwortstatistiken

Antwort% Korrekt
Zellkern
99%
Mitochondrion
93%
DNS
81%
Zellwand
73%
Golgi-Apparat
72%
Chloroplast
65%
Endoplasmatisches Retikulum
65%
Ribosom
62%
Nukleolus
34%
Lysosom
30%
Zentriolen
28%
Geißel
23%
Plasmid
12%
Peroxisom
10%
Myofibrille
5%

Verteilung der Resultate

Perzentil nach korrekt beantworteten Fragen

Anzahl Personen mit jedem Resultat

Ihre Resultats-Entwicklung

Sie haben dieses Quiz noch nicht gespielt